00666nam a2200217Ia 4500003000400000005001700004008004100021020001800062040000700080041000800087082001900095100005000114245002700164260004400191300001600235365001300251906002900264942001200293999001900305952012400324OSt20230511145004.0210423s2010 xx 000 0 und d a9780195699609 cAL aeng a660.6 NALP223 aNALLARI (Pratibha);RAO (V Venugopal).9103379 aMedical Biotechnology. aNew YorkbOxford University Pressc2010 axvi,368bPB b410cINR aBiotechnology. ; Medical 2ddccBK c164648d164648 001040708BTaSACPGbSACPGd2012-10-11eJupiterg410.00l0o660.6 NALPpPG011146r2022-08-24 00:00:00w2021-04-26yBK